Administración de programas y proyectos de investigación
Guardat en:
| Format: | Llibre |
|---|---|
| Idioma: | espanyol |
| Publicat: |
Santiago
CINDA
1990
|
| Col·lecció: | Colección Ciencia y Tecnología, 25
|
| Matèries: | |
| Etiquetes: |
Afegir etiqueta
Sense etiquetes, Sigues el primer a etiquetar aquest registre!
|
MARC
| LEADER | 00000cam a2200000 a 4500 | ||
|---|---|---|---|
| 001 | UCU4378 | ||
| 003 | CL-VaPUC | ||
| 008 | 960517e19900000CL |||||||||||||||||spa|d | ||
| 082 | 0 | 4 | |a 658.404 |b ADM |2 21 |
| 245 | 1 | 0 | |a Administración de programas y proyectos de investigación |
| 300 | |a 406 p | ||
| 942 | |c BK | ||
| 945 | |d 19960517 00:00:00 |a rleighto | ||
| 260 | |a Santiago |b CINDA |c 1990 | ||
| 650 | 0 | |a Gestión de proyectos |9 260970 | |
| 650 | 7 | |a FORMULACION DE PROYECTOS |2 CL-VaPUC |9 361936 | |
| 650 | 0 | |a Proyectos de investigación |9 259727 | |
| 651 | 0 | |a América Latina |9 255027 | |
| 583 | |a last modification |c 20170510 01:11:17 |k Rodrigo Vera | ||
| 490 | 0 | |a Colección Ciencia y Tecnología, 25 | |
| 999 | |c 248112 |d 248110 | ||
| 952 | |0 0 |1 0 |4 0 |6 658_404000000000000_ADM_1990 |7 0 |8 A |9 264529 |a BIBENE |b BIBENE |d 2019-11-19 |i 3200892 |o 658.404 ADM 1990 |p 3200892 |r 2025-01-15 |w 2019-11-19 |y BK |k ICO | ||
| 952 | |0 0 |1 0 |4 0 |6 658_404000000000000_ADM_1990 |7 0 |8 A |9 264530 |a BIBENE |b BIBENE |d 2019-11-19 |i 3200906 |o 658.404 ADM 1990 |p 3200906 |r 2025-01-15 |w 2019-11-19 |y BK |k ICO | ||
| 952 | |0 0 |1 0 |4 0 |6 658_404000000000000_ADM_1990 |7 0 |8 ED_SUP |9 264531 |a BIBGIM |b BIBGIM |c S_PSTGRDO |d 2019-11-19 |i 4836146 |o 658.404 ADM 1990 |p 4836146 |r 2025-01-15 |w 2019-11-19 |y BK |k ESU | ||
| 952 | |0 0 |1 0 |4 0 |6 658_404000000000000_ADM_1990 |7 0 |8 ED_SUP |9 264532 |a BIBGIM |b BIBGIM |c S_PSTGRDO |d 2019-11-19 |i 4835239 |o 658.404 ADM 1990 |p 4835239 |r 2025-01-15 |w 2019-11-19 |y BK |k ESU | ||
| 952 | |0 0 |1 0 |3 erb |4 0 |6 658_404000000000000_ADM_1990 |7 0 |8 A |9 264533 |a BIBEDU |b BIBEDU |i 5145139 |o 658.404 ADM 1990 |p 5145139 |r 2019-11-19 |w 2019-11-19 |y BK |z Catalogado en:20150409 |k EPE | ||